000 00480nam a2200193Ia 4500
005 20250423100705.0
008 250422s9999 xx 000 0 und d
020 _a9757388475
050 _aBP 166.5 .G84/
100 _aGülen, M. Fethullah
245 0 _aProthet Muhammad : the infinite light 1
250 _a2nd ed.
260 _aIzmir
260 _bKaynak
260 _c1998
300 _a278 p
650 _aMuḥammad, Prophet, -632--Prophetic office.
942 _cBK
999 _c34069
_d34069